000
00330 a2200157 4500
001
61860
020
_a
8587478273
040
_c
Anchieta - Pituba
100
_a
Oliviera, Rachel de
240
1
0
_a
Tramas da cor
_l
por
245
1
0
_a
Tramas da cor
300
_a
110
362
0
_a
2005
650
4
_a
Literatura juvenil
942
_c
BK
999
_c
61860
_d
61860